00509nam a22001577a 450000500170000000800410001702000150005804100130007308200140008610000400010024500880014025000190022826000470024730000310029465000260032520231120133504.0231120b |||||||| |||| 00| 0 eng d a0702114294 aEnglish  a343.4 SIL aDivaris, C and Stein, ML lEnglish  a1983-84 Supplement to Silke on South African Income Tax / cC Divaris and ML Stein  aTenth Edition  aCape Town : bJuta and Company Ltd, c1983 bxiv, 531 pages ; c25 cm.  aLegal practice bLaw